000 00490nam a2200169Ia 4500
005 20250923144708.0
008 008 250917s9999 xx 000 0 eng d
037 _aTextual
040 _aDSWL
_beng
_cDSWL
041 _aeng
_2eng
084 _qDSWL
245 0 _aReport of the committee on social & moral hygiene
_cbyCommittee on Social& Moral Hygiene
260 _aNew Delhi
_b Central Social Welfare Board
_c1958
300 _a175p.
942 _cTEXL
999 _c1442170
_d1442170